000 00344pab a2200145 454500
008 180718b2017 xxu||||| |||| 00| 0 eng d
100 _aMukherjee, Dhurjati
245 _aRight thrust on rural revamping
260 _c2017
300 _ap.12-15.
362 _aMar
650 _aRural development
773 _aKurukshetra
909 _a115930
999 _c115924
_d115924